Statistics for American Secretary of States Quiz

Click here to take the quiz!

General Stats

  • This quiz has been taken 97 times
  • The average score is 11 of 106

Answer Stats

Years ServedSecretary of State% Correct
1790-1793Thomas Jefferson
84%
2009-2013Hillary Clinton
77%
1817-1825John Quincy Adams
68%
2005-2009Condoleezza Rice
59%
1801-1809James Madison
59%
2013-2017John Kerry
54%
2001-2005Colin Powell
51%
1811-1817James Monroe
51%
1973-1977Henry Kissinger
47%
1825-1829Henry Clay
32%
1947-1949George Marshall
31%
1845-1849James Buchanan
31%
1800-1801John Marshall
31%
1829-1831Martin Van Buren
28%
1913-1915William Jennings Bryan
24%
1789-1790John Jay
23%
1953-1959John Foster Dulles
22%
2017-2018Rex Tillerson
22%
2018-PresentMike Pompeo
20%
1841-1843 | 1850-1852Daniel Webster
15%
1989-1992James Baker
15%
1809-1811Robert Smith
15%
1997-2001Madeleine Albright
14%
1861-1869William Seward
14%
1961-1969Dean Rusk
11%
1881 | 1889-1892James Blaine
11%
1980 | 1993-1997Warren Christopher
11%
1981-1982Alexander Haig
9%
1980-1981Edmund Muskie
9%
1982-1989George Schultz
8%
1844-1845John Calhoun
8%
1857-1860Lewis Cass
8%
1949-1953Dean Acheson
7%
1977-1980Cy Vance
5%
1794-1795Edmund Randolph
5%
1895-1897Richard Olney
5%
1959-1961Christian Herter
4%
1869-1877Hamilton Fish
4%
1945-1947James Byrnes
4%
1898-1905John Hay
4%
1897-1898John Sherman
4%
1795-1800Timothy Pickering
4%
1969-1973William Rogers
4%
1843-1844Abel Upshur
3%
1933-1944Cordell Hull
3%
1831-1833Edward Livingston
3%
1905-1909Elihu Root
3%
1925-1929Frank Kellogg
3%
1860-1861Jeremiah Black
3%
1834-1841John Forsyth
3%
1992-1993Lawrence Eagleburger
3%
1909-1913Philander Knox
3%
1915-1920Robert Lansing
3%
1893-1895Walter Gresham
3%
1853-1857William Marcy
3%
1898Alvey Adee
1%
1920-1921Bainbridge Colby
1%
1852Charles Conrad
1%
1800Charles Lee
1%
1825Daniel Brent
1%
1852-1853Edward Everett
1%
1944-1945Edward Stettinius
1%
1895Edwin Uhl
1%
1869Elihu Washburne
1%
1905Francis Loomis
1%
1920Frank Polk
1%
1881-1885Frederick Frelinghuysen
1%
1843Hugh Legaré
1%
1841Jacob Martin
1%
1829James Hamilton
1%
1849-1850John Clayton
1%
1892-1893John Foster
1%
1817John Graham
1%
1844John Nelson
1%
2018John Sullivan
1%
1801Levi Lincoln
1%
1833-1834Louis McLane
1%
1817Richard Rush
1%
1909Robert Bacon
1%
1885-1889Thomas Bayard
1%
2017Tom Shannon
1%
1898William Day
1%
1843William Derrick
1%
1877-1881William Evarts
1%
1853 | 1860William Hunter
1%
2009William Joseph Burns
1%
1892 | 1893William Wharton
1%
1993Arnold Kanter
0%
1969Charles Bohlen
0%
1921-1925Charles Evan Hughes
0%
1980David Newsom
0%
1993Frank Wisner
0%
1953Harrison Matthews
0%
1929-1933Jenry Stimson
0%
1945Joseph Grew
0%
1973Kenneth Rush
0%
1961Livingston Merchant
0%
1989Michael Armacost
0%
1977Philip Habib
0%
1982Walter Stoessel
0%

Score Distribution

Percentile by Number Answered

Percent of People with Each Score

Your Score History

You have not taken this quiz